<?xml version="1.0" encoding="UTF-8"?>
<record
    xmlns:xsi="http://www.w3.org/2001/XMLSchema-instance"
    xsi:schemaLocation="http://www.loc.gov/MARC21/slim http://www.loc.gov/standards/marcxml/schema/MARC21slim.xsd"
    xmlns="http://www.loc.gov/MARC21/slim">

  <leader>00416nam a22001457a 4500</leader>
  <controlfield tag="005">20150330120735.0</controlfield>
  <controlfield tag="008">150330b        xxu||||| |||| 00| 0 eng d</controlfield>
  <datafield tag="040" ind1=" " ind2=" ">
    <subfield code="c">PK-LaUMT</subfield>
  </datafield>
  <datafield tag="082" ind1=" " ind2=" ">
    <subfield code="a">KHC 306.365</subfield>
    <subfield code="b">MAS-H</subfield>
  </datafield>
  <datafield tag="100" ind1=" " ind2=" ">
    <subfield code="a">&#x645;&#x633;&#x639;&#x648;&#x62F; &#x6A9;&#x6BE;&#x62F;&#x631; &#x67E;&#x648;&#x634;</subfield>
  </datafield>
  <datafield tag="245" ind1=" " ind2=" ">
    <subfield code="a">&#x6C1;&#x627;&#x631;&#x6CC; &#x631;&#x67E;&#x648;&#x631;&#x679; &#x6A9;&#x644; &#x627;&#x648;&#x631; &#x622;&#x62C;</subfield>
    <subfield code="c">&#x645;&#x633;&#x639;&#x648;&#x62F; &#x6A9;&#x6BE;&#x62F;&#x631; &#x67E;&#x648;&#x634;</subfield>
  </datafield>
  <datafield tag="260" ind1=" " ind2=" ">
    <subfield code="a">&#x644;&#x627;&#x6C1;&#x648;&#x631;</subfield>
    <subfield code="b">&#x62C;&#x646;&#x6AF; &#x67E;&#x628;&#x644;&#x634;&#x631;&#x632;</subfield>
    <subfield code="c">1990</subfield>
  </datafield>
  <datafield tag="300" ind1=" " ind2=" ">
    <subfield code="a">94 &#x635;</subfield>
  </datafield>
  <datafield tag="942" ind1=" " ind2=" ">
    <subfield code="c">BK</subfield>
  </datafield>
  <datafield tag="999" ind1=" " ind2=" ">
    <subfield code="c">68436</subfield>
    <subfield code="d">68436</subfield>
  </datafield>
  <datafield tag="952" ind1=" " ind2=" ">
    <subfield code="0">0</subfield>
    <subfield code="1">0</subfield>
    <subfield code="4">0</subfield>
    <subfield code="7">0</subfield>
    <subfield code="a">01</subfield>
    <subfield code="b">01</subfield>
    <subfield code="d">2015-03-30</subfield>
    <subfield code="l">0</subfield>
    <subfield code="o">KHC 306.365 MAS-H</subfield>
    <subfield code="p">74505</subfield>
    <subfield code="r">2015-03-30 00:00:00</subfield>
    <subfield code="w">2015-03-30</subfield>
    <subfield code="y">BK</subfield>
  </datafield>
</record>
